00874nam a22002537a 4500999001500000001000400015003000900019005001700028008004100045020001500086040002800101082001900129100001900148245006900167250001300236260006700249300002400316500002000340650005400360650005700414700002000471942001200491952011700503 c7759d7759310BD-DhUAP20210201110136.0200312s2003 ii 001 0 eng  a0195620534 aDLCcDLCdBD-DhUAPbEng00223a428.24 THO1 aThomson, A. J.12aA practical English grammar /cA. J. Thomson and A. V. Martinet. a4th ed.  aNew Delhi :bOxford University Press,cc1986 [Reprinted 1987]. a383 pages ;c23 cm. aIncludes index. 0aEnglish languagexTextbooks for foreign speakers. 0aEnglish languagexGrammarvProblems, exercises, etc.1 aMartinet, A. V. 2ddccBK 00102ddc4070aUAPCLbUAPCLcReserve Stacksd2021-02-01o428.24 THOp3010000310r2021-02-01t1w2021-02-01yBK